Quasi - stellar sources and gravitational collapse (Record no. 2512)

MARC details
000 -LEADER
fixed length control field 00697nam a2200205Ia 4500
003 - CONTROL NUMBER IDENTIFIER
control field IN-BaIIA
008 - FIXED-LENGTH DATA ELEMENTS--GENERAL INFORMATION
fixed length control field 211028s9999 xx 000 0 eng d
040 ## - CATALOGING SOURCE
Transcribing agency IIA Library
080 ## - UNIVERSAL DECIMAL CLASSIFICATION NUMBER
Universal Decimal Classification number 524.7-77
Item number QUA
100 ## - MAIN ENTRY--PERSONAL NAME
Personal name Robinson, Ivor
9 (RLIN) 4481
245 #0 - TITLE STATEMENT
Title Quasi - stellar sources and gravitational collapse
Remainder of title including the proceedings of the 1st Texas symposium on relativistic astrophysics
Statement of responsibility, etc. Ivor Robinson
260 ## - PUBLICATION, DISTRIBUTION, ETC.
Place of publication, distribution, etc. Chicago
Name of publisher, distributor, etc. University of Chicago Press
Date of publication, distribution, etc. 1965
300 ## - PHYSICAL DESCRIPTION
Extent xvii, 475p.
650 ## - SUBJECT ADDED ENTRY--TOPICAL TERM
Topical term or geographic name entry element Astronomy and astrophysics thesaurus
650 ## - SUBJECT ADDED ENTRY--TOPICAL TERM
Topical term or geographic name entry element Gravitational collapse
9 (RLIN) 4482
650 ## - SUBJECT ADDED ENTRY--TOPICAL TERM
Topical term or geographic name entry element Quasars
9 (RLIN) 1096
700 ## - ADDED ENTRY--PERSONAL NAME
Personal name Schucking E. L.
9 (RLIN) 4483
700 ## - ADDED ENTRY--PERSONAL NAME
Personal name Schild, Alfred
9 (RLIN) 4484
942 ## - ADDED ENTRY ELEMENTS (KOHA)
Koha item type Books
Holdings
Withdrawn status Lost status Damaged status Not for loan Home library Current library Shelving location Date acquired Total Checkouts Full call number Barcode Date last seen Price effective from Koha item type
        IIA Library-Bangalore IIA Library-Bangalore General Stacks 31/12/1965   524.7-77/ QUA 2808 05/11/2021 31/12/1965 Books

Powered by Koha